01315nam a22003494a 4500001001200000003000800012006001900020007001500039008004100054010001700095015001900112016001800131020002200149024001800171040002100189035002100210050002300231082001600254100001900270245010000289250001200389260007100401300002400472500004000496504005100536533015200587650003000739650002400769655002900793710001700822856012600839ebr10180794CaPaEBRm u cr cn|||||||||050818s2006 enka sb 001 0 eng c z 2005932508 aGBA5825392bnb7 z0133019662Uk z0750663715 (pbk.)3 a9780750663717 aCaPaEBRcCaPaEBR a(OCoLC)44179111114aTN773b.P64 2006eb04a669/.722221 aPolmear, I. J.10aLight alloysh[electronic resource] :bfrom traditional alloys to nanocrystals /cI.J. Polmear. a4th ed. aOxford ;aBurlington, MA :bElsevier/Butterworth-Heinemann,c2006. axiv, 421 p. :bill. aPrevious ed.: London: Arnold, 1995. aIncludes bibliographical references and index. aElectronic reproduction.bPalo Alto, Calif. :cebrary,d2013.nAvailable via World Wide Web.nAccess may be limited to ebrary affiliated libraries. 0aLight metalsxMetallurgy. 0aLight metal alloys. 7aElectronic books.2local2 aebrary, Inc.40uhttp://site.ebrary.com/lib/rucke/Doc?id=10180794zAn electronic book accessible through the World Wide Web; click to view